| 000 | 01622nam a2200517 i 4500 | ||
|---|---|---|---|
| 001 | 5565 | ||
| 003 | KOSZ 005 | ||
| 005 | 20210310141151.0 | ||
| 008 | 081217s1993 pl a f |001 0 pol | ||
| 015 | _aPB 2009/2477 | ||
| 020 | _a8385701079 | ||
| 035 | _a991046644569705066 | ||
| 035 | _a(PL-WaBN)b22842299-48omnis_nlop | ||
| 035 | _ab22842299 | ||
| 035 | _a(OCoLC)749526840 | ||
| 035 | _a(PL)b0000002284229 | ||
| 035 | _a(EXLNZ-48OMNIS_NETWORK)9910143135405606 | ||
| 040 |
_aWA N _cWA N _dKOSZ 005/EG |
||
| 041 | _apol | ||
| 046 | _k1993 | ||
| 080 | _a004.42 | ||
| 080 | _a004.94 | ||
| 080 | _a621.3.049.77 | ||
| 080 | _a(07) | ||
| 100 | 1 |
_aIzydorczyk, Jacek _d(1964- ) _eAutor |
|
| 245 | 1 | 0 |
_aPSpice : _bkomputerowa symulacja układów elektronicznych / _cJacek Izydorczyk. |
| 260 |
_aGliwice : _bWydawnictwo Helion, _ccop. 1993. |
||
| 300 |
_a226 s. : _bil. ; _c24 cm. |
||
| 336 |
_2rdacontent _aTekst _btxt |
||
| 337 |
_2rdamedia _aBez urządzenia pośredniczącego _bn |
||
| 338 |
_2rdacarrier _aWolumin _bnc |
||
| 380 | _aKsiążki | ||
| 380 | _aPublikacje naukowe | ||
| 388 | _a1901-2000 | ||
| 388 | _a1989-2000 | ||
| 504 | _aBibliogr. s. 219-221. Indeks. | ||
| 650 | 7 |
_aUkład scalony _2DBN |
|
| 658 | _aInżynieria i technika | ||
| 658 | _aInformatyka i technologie informacyjne | ||
| 655 | 7 |
_aPodręcznik _2DBN |
|
| 650 | 7 |
_aSPICE (program komputerowy) _2DBN |
|
| 710 | 2 |
_aHelion _4pbl |
|
| 856 |
_uhttp://koha.tu.koszalin.pl/cgi-bin/koha/opac-detail.pl?biblionumber=5565 _yKatalog online BPK |
||
| 942 |
_2UKD _cKS |
||
| 999 |
_c5565 _d5565 |
||